| 000 | 00630nam a2200181Ia 4500 | ||
|---|---|---|---|
| 008 | 151202s9999||||xx |||||||||||||| ||und|| | ||
| 082 | _bPNVM-67449 | ||
| 100 | _aभैरप्पा एस्. एल्. /अनु. कुलकर्णी उमा. | ||
| 245 | _aपर्व. | ||
| 260 | _b--- | ||
| 260 | _c0 | ||
| 300 | _a0 | ||
| 600 | _aभैरप्पा एस्. एल्. /अनु. कुलकर्णी उमा. | ||
| 630 | _aपर्व. | ||
| 700 | _aभैरप्पा एस्. एल्. /अनु. कुलकर्णी उमा. | ||
| 730 | _aपर्व. | ||
| 942 | _cBOOK | ||
| 999 |
_c1333978 _d1333975 |
||